Countries by Population Range - Tile Select - Statistics

General Stats
  • This quiz has been taken 59,401 times
    59,371 since last reset
  • The average score is 36 of 48
Answer Stats
Question Tile Select % Correct
with a population higher than 100 million Greece No
99%
with a population higher than 100 million United States Yes
98%
with a population higher than 100 million India Yes
97%
with a population higher than 100 million Peru No
97%
with a population higher than 100 million Iraq No
96%
with a population higher than 100 million Spain No
96%
with a population higher than 100 million Brazil Yes
93%
with a population of less than 1 million Tunisia No
93%
with a population of less than 1 million Botswana No
92%
with a population of less than 1 million San Marino Yes
92%
with a population higher than 100 million France No
91%
with a population higher than 100 million Indonesia Yes
91%
with a population higher than 100 million Germany No
90%
with a population of less than 1 million Nauru Yes
90%
with a population of less than 1 million Monaco Yes
89%
with a population higher than 100 million Nigeria Yes
87%
with a population of less than 1 million Lithuania No
86%
with a population higher than 100 million Pakistan Yes
86%
with a population between 10 and 100 million Australia Yes
84%
with a population between 10 and 100 million Qatar No
82%
with a population of less than 1 million Rwanda No
82%
with a population between 1 and 10 million Saint Lucia No
81%
with a population between 10 and 100 million Armenia No
80%
with a population of less than 1 million Eritrea No
79%
with a population of less than 1 million Jamaica No
78%
with a population of less than 1 million Iceland Yes
77%
with a population between 1 and 10 million Ireland Yes
77%
with a population between 1 and 10 million Denmark Yes
76%
with a population between 10 and 100 million Mongolia No
72%
with a population between 1 and 10 million Costa Rica Yes
69%
with a population between 1 and 10 million Malta No
69%
with a population between 1 and 10 million Chile No
68%
with a population between 1 and 10 million Singapore Yes
67%
with a population between 1 and 10 million Romania No
66%
with a population between 1 and 10 million Syria No
66%
with a population between 10 and 100 million Ghana Yes
64%
with a population between 10 and 100 million Niger Yes
63%
with a population between 1 and 10 million Uruguay Yes
63%
with a population between 10 and 100 million Mexico No
58%
with a population between 10 and 100 million Japan No
57%
with a population of less than 1 million Bhutan Yes
56%
with a population between 10 and 100 million Sri Lanka Yes
54%
with a population between 10 and 100 million Ethiopia No
53%
with a population of less than 1 million Belize Yes
50%
with a population between 1 and 10 million Suriname No
50%
with a population between 10 and 100 million Madagascar Yes
48%
with a population between 1 and 10 million Libya Yes
39%
with a population between 10 and 100 million Nepal Yes
39%
No matching quizzes found
Score Distribution
Percent of People with Each Score
Percentile by Number Answered
Your Score History
You have not taken this quiz since the last reset